Appellations of South West France - Statistics

General Stats
  • This quiz has been taken 184 times
  • The average score is 4 of 6
Answers on the Map
Answers color-coded by a green-red scale on the quiz's map according to % correct below.
 
Answer Stats
Answer % Correct
Cahors
77%
Jurançon
73%
Bergerac
71%
Côtes de Gascogne
71%
Madiran
71%
Monbazillac
56%
No matching quizzes found
Score Distribution
Percent of People with Each Score
Percentile by Number Answered
Your Score History
You have not taken this quiz